logo

Bir Sreshtho Munshi Abdur Rouf Library
Jhenaidah Cadet College

College algebra with trigonometry / (Record no. 8617)

MARC details
000 -LEADER
fixed length control field 00728nam a2200265 a 4500
001 - CONTROL NUMBER
control field 8617
003 - CONTROL NUMBER IDENTIFIER
control field BD-JhCC
005 - DATE AND TIME OF LATEST TRANSACTION
control field 20180228092922.0
008 - FIXED-LENGTH DATA ELEMENTS--GENERAL INFORMATION
fixed length control field 180228s1974 nyua 001 0 eng d
010 ## - LIBRARY OF CONGRESS CONTROL NUMBER
LC control number 73020408
020 ## - INTERNATIONAL STANDARD BOOK NUMBER
International Standard Book Number 0070037876
035 ## - SYSTEM CONTROL NUMBER
System control number (BD-JhCC)8617
040 ## - CATALOGING SOURCE
Original cataloging agency BD-JhCC
Transcribing agency DLC
Modifying agency BD-JhCC
050 0# - LIBRARY OF CONGRESS CALL NUMBER
Classification number QA154.2
Item number .B37
082 ## - DEWEY DECIMAL CLASSIFICATION NUMBER
Classification number 512.9/044
100 1# - MAIN ENTRY--PERSONAL NAME
Personal name Barnett, Raymond A.
245 10 - TITLE STATEMENT
Title College algebra with trigonometry /
Statement of responsibility, etc. [by] Raymond A. Barnett.
260 ## - PUBLICATION, DISTRIBUTION, ETC.
Place of publication, distribution, etc. New York :
Name of publisher, distributor, etc. McGraw-Hill,
Date of publication, distribution, etc. [1974]
300 ## - PHYSICAL DESCRIPTION
Extent xvi, 557 p.
Other physical details illus.
Dimensions 24 cm.
504 ## - BIBLIOGRAPHY, ETC. NOTE
Bibliography, etc. note Includes Index
650 #0 - SUBJECT ADDED ENTRY--TOPICAL TERM
Topical term or geographic name entry element Algebra.
650 #0 - SUBJECT ADDED ENTRY--TOPICAL TERM
Topical term or geographic name entry element Trigonometry.
942 ## - ADDED ENTRY ELEMENTS (KOHA)
Source of classification or shelving scheme Dewey Decimal Classification
Koha item type Books
Holdings
Withdrawn status Lost status Source of classification or shelving scheme Damaged status Not for loan Home library Current library Shelving location Date acquired Total Checkouts Full call number Barcode Date last seen Copy number Price effective from Koha item type
    Dewey Decimal Classification     JCC Rouf Library JCC Rouf Library General Stacks 02/28/2018   512.9/044 11091 02/28/2018 C-1 02/28/2018 Books

JCC Library | Contacts | JCC Home

Last Update on 23 September 2017
Copyright @ 2017-2020 JCC Rouf Library
Rouf Library, Jhenidah Cadet College (JCC), Bangladesh